00825nas a2200205 a 4500003000400000005001700004008004100021017002100062035001500083040001400098245008100112260012200193310001000315362001000325650003700335650007000372710002600442710007500468856007600543OSt20231121102458.0140717c2014 spcar||oo 000 ||spa|d aDL B, 28268-2006 a3093-35260 bcatcCDMR00aInforme Quiralb: medicina, comunicación y sociedadh[recurs electrònic]0 a[Barcelona] bUniversitat Pompeu Fabra, Observatori de la Comunicació Científica:bFundació privada Vila Casas  aanual0 a2000-04aPeriodisme científicxInformes04aSalut en els mitjans de comunicació de massaxEspanyaxRevistes2 aFundació Vila Casas2 aUniversitat Pompeu FabrabObservatori de la Comunicació Científica uhttps://www.fundaciovilacasas.com/es/informe-quiralzAccés en línia